Hacia el nuevo milenio vol. 2.

Salvato in:
Dettagli Bibliografici
Autore principale: Martínez, Humberto (autor)
Altri autori: Dri, Rubén (autor) (autor), Pixley, Jorge, [et al.] (autor) [et al.], (autor)
Natura: Libro
Lingua:spagnolo
Soggetti:
Tags: Aggiungi Tag
Nessun Tag, puoi essere il primo ad aggiungerne!!

MARC

LEADER 00000cam^a2200000uu^4500
001 000482558
005 20250521000000.0
008 050901s1986^^^^^^^^^^^^rd^r^^000^0^spa^d
009 20260310125051.545
022 |a 9688460451 
035 |a FCE 000025601 
035 |a FCE 014881 
037 |a Acervo ITESO - Biblioteca 
041 |a spa 
082 0 4 |a 320.5  |b MARh 
100 |a Martínez, Humberto  |e (autor) 
245 1 0 |a Hacia el nuevo milenio vol. 2. 
264 |a México :  |b Villicana,  |c 1986. 
300 |a 149 p. 
336 |a texto  |b txt  |2 rdacontenido 
337 |a sin mediación  |b n  |2 rdamedio 
338 |a volumen  |b nc  |2 rdasoporte 
649 |a XX 
650 |a Teoría 
650 |a Sociología 
650 |a Ideología 
650 |a Socialismo 
650 |a Identidad nacional 
650 |a Acto político 
700 |a Dri, Rubén  |e (autor) 
700 |a Pixley, Jorge,  |e [et al.]  |e (autor) 
910 |a Fondo Centro de Estudios Educativos 
920 |a Impresos - Libros 
930 |a Fondos Especiales 
905 |a 133 
901 |a ALE014881  |b IT2  |c CEE  |u 20250521 
902 |a https://opac.biblio.iteso.mx/vufind/Record/000482558